Czy istnieje chociaż jedno państwo, które... - Statystyki

Ogólne statystyki
  • Ten quiz został rozwiązany 36 razy
  • Średni wynik to 10 z 15
Statystyki odpowiedzi
Zagadnienie Odpowiedź % Poprawnych
...które leży mniej niż 200 metrów od innego państwa, ale z nim nie graniczy. Tak
90%
...które leży w Europie, ale ma mniej niż 2000 chrześcijańskich obywateli. Tak
87%
...którego obywatele mają zakaz wstępu na Malediwy. Tak
84%
...które jest całkowicie otoczone przez dwa inne śródlądowe państwa. Tak
84%
...które ma w nazwie przymiotnik ,,zachodni". Nie
77%
...które jest większe od Iranu, ale mniejsze od Meksyku. Tak
77%
...które jest europejskim państwem mniejszym niż Brunei, ale posiadającym przynajmniej trzech sąsiadów. Tak
74%
...które leży w Ameryce, ale nie używa alfabetu łacińskiego. Nie
71%
...które jest enklawą większą niż Lesotho. Nie
71%
...w którym hinduizm jest dominującą religią, mimo iż leży poza Azją. Tak
58%
...którego reprezentacja nie brała udziału w Mistrzostwach Europy w piłce nożnej, na których była gospodarzem kilku spotkań. Tak
58%
...które jest większe niż Kazachstan, ale mniejsze niż Argentyna. Nie
52%
...które w styczniu 2026 roku zmieniło swoją stolicę. Tak
52%
...które leży na trzech kontynentach. Nie
39%
...w którym Arabski jest językiem urzędowym, mimo iż nie jest w większości islamskie. Nie
26%
Nie znaleziono quizów pasujących do podanych kryteriów
Rozkład punktacji
Procent ludzi z każdym wynikiem
Percentyl według liczby udzielonych odpowiedzi
Twoja historia wyników
Nie rozwiązałeś tego quizu